Countries with the Most Athletes at the Paris 2024 Olympics - Statistics

General Stats
  • This quiz has been taken 85 times
  • The average score is 26 of 33
Answer Stats
NOC Athletes % Correct
6 China 388
99%
2 France 573
99%
1 United States 592
99%
3 Australia 460
97%
9 Great Britain 327
97%
10 Canada 315
96%
5 Japan 403
96%
8 Italy 371
94%
29 Mexico 107
93%
19 South Korea 141
93%
11 Brazil 277
92%
4 Germany 428
92%
7 Spain 383
90%
12 Netherlands 258
83%
25 Sweden 117
83%
21 Argentina 136
82%
14 New Zealand 195
81%
30 Norway 107
79%
13 Poland 210
78%
25 India 117
75%
16 Belgium 165
72%
15 Hungary 170
68%
17 South Africa 149
68%
20 Ukraine 140
68%
33 Greece 100
67%
23 Switzerland 127
67%
32 Türkiye 102
65%
31 Romania 106
63%
22 Ireland 134
61%
18 Egypt 148
58%
24 Denmark 124
57%
28 Czechia 111
53%
27 Serbia 113
51%
No matching quizzes found
Score Distribution
Percent of People with Each Score
Percentile by Number Answered
Your Score History
You have not taken this quiz